| 000 -LEADER |
| fixed length control field |
01003cam a2200277 a 4500 |
| 003 - CONTROL NUMBER IDENTIFIER |
| control field |
OSt |
| 005 - DATE AND TIME OF LATEST TRANSACTION |
| control field |
20200317110356.0 |
| 008 - FIXED-LENGTH DATA ELEMENTS--GENERAL INFORMATION |
| fixed length control field |
021029s2002 enka 000 0 eng |
| 010 ## - LIBRARY OF CONGRESS CONTROL NUMBER |
| LC control number |
2002512956 |
| 020 ## - INTERNATIONAL STANDARD BOOK NUMBER |
| International Standard Book Number |
0470847875 |
| 041 1# - LANGUAGE CODE |
| Language code of text/sound track or separate title |
eng |
| Language code of original and/or intermediate translations of text |
swe |
| 042 ## - AUTHENTICATION CODE |
| Authentication code |
lccopycat |
| 043 ## - GEOGRAPHIC AREA CODE |
| Geographic area code |
e-sw--- |
| 082 04 - DEWEY DECIMAL CLASSIFICATION NUMBER |
| Classification number |
728 |
| Edition number |
21 |
| Item number |
NYL |
| 100 1# - MAIN ENTRY--PERSONAL NAME |
| Personal name |
Nylander, Ola. |
| 240 10 - UNIFORM TITLE |
| Uniform title |
<a href="Bostaden som arkitektur.">Bostaden som arkitektur.</a> |
| Language of a work |
English |
| 245 14 - TITLE STATEMENT |
| Title |
The architecture of the home / |
| Statement of responsibility, etc |
Ola Nylander ; translated by John Krause and Deborah Fronko. |
| 260 ## - PUBLICATION, DISTRIBUTION, ETC. (IMPRINT) |
| Place of publication, distribution, etc |
Chichester : |
| Name of publisher, distributor, etc |
Wiley, |
| Date of publication, distribution, etc |
c2002. |
| 300 ## - PHYSICAL DESCRIPTION |
| Extent |
144 p. : |
| Other physical details |
ill. ; |
| Dimensions |
24 cm. |
| 500 ## - GENERAL NOTE |
| General note |
Revision of the author's thesis (doctoral)--Chalmers University of Technology, Göteborg, 1998 under the title: The individuality of the home. |
| 504 ## - BIBLIOGRAPHY, ETC. NOTE |
| Bibliography, etc |
Includes bibliographical references (p. 143-144). |
| 650 #0 - SUBJECT ADDED ENTRY--TOPICAL TERM |
| Topical term or geographic name as entry element |
Architecture, Domestic |
| Geographic subdivision |
Sweden. |
| 650 #0 - SUBJECT ADDED ENTRY--TOPICAL TERM |
| Topical term or geographic name as entry element |
Architecture |
| Geographic subdivision |
Sweden |
| General subdivision |
History |
| Chronological subdivision |
20th century. |
| 650 #0 - SUBJECT ADDED ENTRY--TOPICAL TERM |
| Topical term or geographic name as entry element |
Architecture, Domestic |
| Geographic subdivision |
Sweden |
| Form subdivision |
Case studies. |
| 942 ## - ADDED ENTRY ELEMENTS (KOHA) |
| Source of classification or shelving scheme |
|